000 00747nam a2200205 a 4500
001 BRCA_1061
005 20190320203249.0
008 070508s1987----fi-a---###---#000-0#eng-#
020 _a9512625539
050 4 _aHF1044.F5
_b.F56 1987
245 1 0 _aFinnish Industrial Desing
_cedited by Tuula Poutasuo.
260 _aHelsinki
_bKirjayhtymñc1987
300 _a159 p.
_bil. (algunas a color)
_c25 cm.
500 _aCatálogo de la sexta exposición finlandesa de diseño dedicada al diseño industrial (Helsinki), 21 mayo-9 agosto, 1987
650 1 4 _aDiseño
_zFinlandia
_93494
650 1 4 _aDecoración y ornamentación
_zFinlandia
_93495
650 1 4 _aDecoración de interiores
_zFinlandia
_93496
700 1 _aPoutasuo, Tuula
_92817
942 _2lcc
_cB
999 _c940
_d940